Statistics for Paris Landmark Picture Quiz

Click here to take the quiz!

General Stats

  • This quiz has been taken 97 times
  • The average score is 5 of 10

Answer Stats

Answer% Correct
Eiffel Tower
98%
Louvre
98%
Arc de Triomphe
86%
Notre-Dame de Paris
76%
Palace of Versailles
54%
Montmartre
40%
Conciergerie
20%
Place de la Concorde
19%
Grande Arche
14%
Pont des Arts
13%

Score Distribution

Percentile by Number Answered

Percent of People with Each Score

Your Score History

You have not taken this quiz